| 000 | 01121cam a22003014a 4500 | ||
|---|---|---|---|
| 001 | 12066773 | ||
| 003 | OSt | ||
| 005 | 20170105101149.0 | ||
| 008 | 000621s2001 nju b 101 0 eng | ||
| 010 | _a 00057285 | ||
| 020 | _a0805830197 | ||
| 040 |
_aDLC _cDLC _dDLC |
||
| 042 | _apcc | ||
| 050 | 0 | 0 |
_aBF798 _b.T443 2001 |
| 082 | 0 | 0 |
_a155.2/6 _221 |
| 245 | 0 | 0 |
_aTemperament in context / _cedited by Theodore D. Wachs, Gedolph A. Kohnstamm. |
| 260 |
_aMahwah, N.J. : _bL. Erlbaum Associates, _c2001. |
||
| 300 |
_axi, 232 p. ; _c24 cm. |
||
| 504 | _aIncludes bibliographical references and indexes. | ||
| 650 | 0 |
_aTemperament _vCongresses. |
|
| 650 | 0 |
_aTemperament in children _vCongresses. |
|
| 700 | 1 |
_aWachs, Theodore D., _d1941- |
|
| 700 | 1 |
_aKohnstamm, Geldolph A., _d1937- |
|
| 856 | 4 | 2 |
_3Publisher description _uhttp://www.loc.gov/catdir/enhancements/fy0634/00057285-d.html |
| 906 |
_a7 _bcbc _corignew _d1 _eocip _f20 _gy-gencatlg |
||
| 942 |
_2ddc _cBK |
||
| 999 |
_c2376 _d2376 |
||